Dialóg kultúr: tvorivé kontakty študentov na EUBA a Sankt-Peterburgskej štátnej obchodno-ekonomickej univerzity

Informácia o uskutoční medzinárodného okrúhleho stola , ktorý sa konal v dňoch 18. a 19. marca na pôde Ekonomickej univerzity v Bratislave a bol venovaný problémom ekonomiky pod názvom Trh práce mladých v podmienkach nestabilnej ekonomiky.

Enregistré dans:
Détails bibliographiques
Auteur principal: Strelková, Katarína
Format: Chapitre de livre
Langue:slovaque
Sujets:
Tags: Ajouter un tag
Pas de tags, Soyez le premier à ajouter un tag!

MARC

LEADER 00000naa a2200000 4500
001 0206657
005 20151125090127.2
041 0 |a slo 
044 |a SK 
245 1 0 |a Dialóg kultúr: tvorivé kontakty študentov na EUBA a Sankt-Peterburgskej štátnej obchodno-ekonomickej univerzity  |c Katarína Strelková 
520 |a Informácia o uskutoční medzinárodného okrúhleho stola , ktorý sa konal v dňoch 18. a 19. marca na pôde Ekonomickej univerzity v Bratislave a bol venovaný problémom ekonomiky pod názvom Trh práce mladých v podmienkach nestabilnej ekonomiky. 
610 2 0 |a konferencie 
610 2 0 |a študenti 
610 2 0 |a univerzity 
610 2 0 |a trh práce 
100 1 |a Strelková, Katarína